Chargement en cours...
Israel law review, Volume 9, 1974
| LEADER | 00255nam a22000857a 4500 | ||
|---|---|---|---|
| 003 | OSt | ||
| 245 | |a Israel law review, Volume 9, 1974 | ||
| 942 | |c BACT |6 _ | ||
| 999 | |c 203811 |d 203811 | ||
| 952 | |0 0 |1 0 |4 0 |6 _ |7 0 |8 BPER |9 259918 |a SLS |b SLS |d 2011-05-03 |p SLS009171 |r 2013-10-05 |t 1 |w 2013-10-05 |y BJ | ||